00836nam a2200241Ia 450000100060000000300090000600800410001504000130005604000130006904100130008210000180009510000290011324500380014224500370018025000110021726000180022826000090024626000490025530000590030450001730036365000270053665000310056333866IT-RoPAU130308s9999 xx 000 0 und d aIT-RoPAU cIT-RoPAU aFRANCESE aMoles Abraham gCodice Aut. SPICS: 3668 aMais pourquoi donc photographier? bCahiers de la photographie (Les) a1a ed. aLAPLUME/PARIS bACCP c1983 [1° Ed.:1983 - Ed.Ling.Originale:1982] a"10 p. (prefazione: no ; testo: 10 [pagine: 151-160])" aNote su una Psicologia dell'Atto fotografico fotografia Come Atto Socio Culturale Industria Fotografica Ologramma Trattamento delle immagini programma per la Fotografia aLINGUAGGIO FOTOGRAFICO eCodice materia Spics: 6754